00509nam a22001937a 450000500170000000800410001704000070005804100120006508200220007710000170009924500410011626000260015730000250018336500190020844000280022765000180025565000230027370000190029620220715162558.0220715b ||||| |||| 00| 0 eng d cAL aEnglish 223a355.825bPANF aSavita Pande aFissile Material for nuclear Weapons aNew DelhibIDSAc1997 a96 p.bPBc23x15 cm. c₹d₹125.00 aOccasional Paper Series aThe Beginning aIndia and the FMCT aPANDE (Savita)